Statistics for Most Successful FIFA World Cup Countries

Click here to take the quiz!

General Stats

  • This quiz has been taken 2,075 times
    (1,174 since last reset)
  • The average score is 60 of 81

Answer Stats

RankNation1st2nd3rd4thApp.First/Last App.% Correct
1Brazil5222211930 / 2018
99%
4Argentina23171930 / 2018
97%
5France2121151930 / 2018
97%
2Germany4441191934 / 2018
97%
3Italy4211181934 / 2014
96%
8Spain11151934 / 2018
96%
6Uruguay23131930 / 2018
95%
7England12151950 / 2018
94%
9Netherlands311101934 / 2014
91%
22Russia1111958 / 2018
91%
17Portugal1191966 / 2018
90%
18United States1101930 / 2014
89%
25Mexico161930 / 2018
88%
12Sweden121121934 / 2018
88%
15Belgium11131930 / 2018
87%
13Croatia1151998 / 2018
87%
23South Korea1101954 / 2018
87%
"Japan61998 / 2018
86%
19Chile191930 / 2014
85%
14Poland281938 / 2018
84%
21Serbia2121930 / 2018
84%
34Australia51974 / 2018
83%
31Colombia61962 / 2018
83%
"Norway31938 / 1998
82%
"South Africa31998 / 2010
82%
26Switzerland111934 / 2018
82%
"Canada11986 / 1986
80%
"China12002 / 2002
80%
"Denmark51986 / 2018
80%
"Egypt31934 / 2018
80%
"Hungary291934 / 1986
80%
"Morocco51970 / 2018
79%
20Turkey121954 / 2002
79%
"Ireland31990 / 2002
78%
16Austria11111934 / 1998
77%
10Czech Republic291934 / 2006
77%
"Greece31994 / 2014
77%
"Iran51978 / 2018
77%
"Peru51930 / 2018
77%
"Nigeria61994 / 2018
76%
"Saudi Arabia51994 / 2018
76%
"New Zealand21982 / 2010
75%
27Paraguay81930 / 2010
75%
"Ukraine12006 / 2006
75%
42Algeria41982 / 2014
74%
"Senegal22002 / 2018
74%
29Cameroon71982 / 2014
73%
"Ghana32006 / 2014
73%
"Scotland81954 / 1998
73%
"Wales11958 / 1958
73%
"Costa Rica51990 / 2018
72%
"North Korea21966 / 2010
72%
24Bulgaria171962 / 1998
71%
"Iceland12018 / 2018
71%
"Panama12018 / 2018
71%
"Slovakia12010 / 2010
71%
"Romania71930 / 1998
70%
"Ecuador32002 / 2014
69%
"Slovenia22002 / 2010
69%
"Tunisia51978 / 2018
69%
"Iraq11986 / 1986
68%
43Bolivia31930 / 1994
66%
"Honduras31982 / 2014
66%
"Côte d'Ivoire32006 / 2014
65%
80Qatar*2022 / 2022
64%
"Bosnia and Herzegovina12014 / 2014
63%
"Northern Ireland31958 / 1986
61%
"Jamaica11998 / 1998
60%
"Democratic Republic of the Congo11974 / 1974
59%
"Cuba11938 / 1938
58%
"Israel11970 / 1970
56%
81India**1950 / 1950
55%
"United Arab Emirates11990 / 1990
51%
"Indonesia11938 / 1938
50%
"Togo12006 / 2006
49%
"Trinidad and Tobago12006 / 2006
49%
59Angola12006 / 2006
48%
54El Salvador21970 / 1982
48%
"Haiti11974 / 1974
46%
"Kuwait11982 / 1982
42%
"East Germany11974 / 1974
35%

Score Distribution

Percentile by Number Answered

Percent of People with Each Score

Your Score History

You have not taken this quiz since the last reset